[Event "Rivera Huila Hernandez Memorial-B"]
[Site "Rivera Huila"]
[Date "2023.07.23"]
[Round "6"]
[White "Martinez Murcia, John Alexander"]
[Black "Polo, Victor Ramon"]
[Result "1/2-1/2"]
[WhiteElo "1841"]
[BlackElo "2102"]
[PlyCount "50"]
[EventDate "2023.07.20"]
[EventType "swiss"]
[EventRounds "7"]
[EventCountry "COL"]
[SourceTitle "CBM 215 Extra"]
[Source "ChessBase"]
[SourceDate "2023.09.30"]
[SourceVersion "1"]
[SourceVersionDate "2023.09.30"]
[SourceQuality "1"]

1. c4 e6 2. g3 f5 3. Bg2 Nf6 4. Nf3 d5 5. cxd5 exd5 6. 0-0 Bd6 7. d3 0-0 8. b3 Re8 9. Bb2 c6 10. Nbd2 Qe7 11. Re1 Ba3 12. Qc1 Bxb2 13. Qxb2 Nbd7 14. b4 Nf8 15. a4 Bd7 16. e3 Ng6 17. Rec1 Ng4 18. Qc3 a6 19. h3 Nh6 20. a5 Nf7 21. Nb3 Rad8 22. Nc5 Bc8 23. Kh2 Nd6 24. Qb2 h6 25. Rab1 Rf8 1/2-1/2

[Event "COL-ch Master"]
[Site "Bogota"]
[Date "2018.11.21"]
[Round "1.3"]
[White "Polo, Victor Ramon"]
[Black "Quintero Angarita, Fredys"]
[Result "1-0"]
[WhiteElo "2098"]
[BlackElo "1600"]
[PlyCount "48"]
[EventDate "2018.11.21"]
[EventType "swiss"]
[EventRounds "7"]
[EventCountry "COL"]
[SourceTitle "EXT 2024"]
[Source "ChessBase"]
[SourceDate "2023.10.10"]
[SourceVersion "1"]
[SourceVersionDate "2023.10.10"]
[SourceQuality "1"]

1. d4 d5 2. Bf4 Nf6 3. e3 Nc6 4. c3 e6 5. Nd2 Bd6 6. Ngf3 Bxf4 7. exf4 a6 8. Bd3 Bd7 9. Ne5 Qe7 10. 0-0 h5 11. Re1 0-0 12. Qf3 Qd6 13. Qh3 Ne7 14. g4 Ng6 15. g5 Ng4 16. Qxh5 N4xe5 17. fxe5 Qe7 18. f4 Be8 19. Re3 c5 20. Rh3 f5 21. gxf6 gxf6 22. Bxg6 Bxg6 23. Qxg6+ Qg7 24. Qxg7+ Kxg7 1-0

[Event "Medellin Flores op 24th"]
[Site "Medellin"]
[Date "2017.08.05"]
[Round "4"]
[White "Torres, Juan Camilo"]
[Black "Polo, Victor Ramon"]
[Result "1-0"]
[WhiteElo "2307"]
[BlackElo "2126"]
[PlyCount "71"]
[EventDate "2017.08.03"]
[EventType "swiss"]
[EventRounds "9"]
[EventCountry "COL"]
[SourceTitle "CBM 179 Extra"]
[Source "ChessBase"]
[SourceDate "2017.08.23"]
[SourceVersion "1"]
[SourceVersionDate "2017.08.23"]
[SourceQuality "1"]

1. d4 d5 2. c4 Bf5 3. Nc3 e6 4. Nf3 Nc6 5. Bg5 Be7 6. Bxe7 Ncxe7 7. e3 Nf6 8. Nh4 Bg6 9. Nxg6 hxg6 10. h3 c6 11. Be2 Qc7 12. Rc1 0-0 13. 0-0 e5 14. cxd5 Nexd5 15. Qb3 Nxc3 16. bxc3 Rfe8 17. Rfd1 Re7 18. Bf3 Rd8 19. Qa3 a6 20. Rb1 Rdd7 21. Rb2 Qc8 22. Rdb1 Rc7 23. Bxc6 exd4 24. cxd4 b5 25. d5 Re5 26. Qd6 Rg5 27. Qf4 Rf5 28. Qd4 Rg5 29. f4 Rg3 30. Kh2 Nh5 31. Rc1 g5 32. d6 Rxc6 33. Rxc6 Qxc6 34. d7 g4 35. d8Q+ Kh7 36. Q8d5 1-0

[Event "Manizales op 26th"]
[Site "Manizales"]
[Date "2017.01.06"]
[Round "4"]
[White "Polo, Victor Ramon"]
[Black "Garcia Pantoja, Roberto"]
[Result "0-1"]
[WhiteElo "2144"]
[BlackElo "2473"]
[PlyCount "134"]
[EventDate "2017.01.04"]
[EventType "swiss"]
[EventRounds "9"]
[EventCountry "COL"]
[SourceTitle "CBM 176 Extra"]
[Source "ChessBase"]
[SourceDate "2017.03.02"]
[SourceVersion "1"]
[SourceVersionDate "2017.03.02"]
[SourceQuality "1"]

1. d4 Nf6 2. Bf4 g6 3. e3 Bg7 4. Nf3 0-0 5. h3 c5 6. c3 b6 7. Nbd2 Bb7 8. Bh2 Nc6 9. Be2 d5 10. Ne5 Nd7 11. Nxc6 Bxc6 12. Nf3 a5 13. 0-0 a4 14. a3 Re8 15. Qc2 Ra5 16. Rad1 Qa8 17. Rfe1 Rc8 18. Qb1 e6 19. Bd3 Bb5 20. Bc2 f5 21. Bd3 Qa6 22. Bxb5 Qxb5 23. Rd2 Raa8 24. Rc2 Qa6 25. Qd1 Re8 26. Qe2 Qxe2 27. Rexe2 h6 28. Ne5 Nxe5 29. Bxe5 Bxe5 30. dxe5 b5 31. Kf1 Kf7 32. f3 g5 33. g3 Kg6 34. f4 Rab8 35. Rh2 Kh5 36. g4+ fxg4 37. hxg4+ Kxg4 38. Rcf2 Rf8 39. Rxh6 gxf4 40. exf4 Kf5 41. Rh5+ Ke4 42. Rh6 Rb6 43. Re2+ Kd3 44. Rf6 Rbb8 45. Kf2 Rbe8 46. Kf3 Rh8 47. Re3+ Kc2 48. Re2+ Kb3 49. f5 exf5 50. e6 Rh4 51. Rxf5 Re4 52. Rxe4 dxe4+ 53. Kxe4 Rxe6+ 54. Kd5 Re2 55. Kxc5 Rxb2 56. Kxb5 Kxa3+ 57. Ka5 Rb8 58. c4 Ra8+ 59. Kb5 Kb3 60. Rf3+ Kb2 61. Rf2+ Kc3 62. Rf3+ Kd4 63. Kb4 a3 64. Rf1 a2 65. Ra1 Kd3 66. Kb3 Rb8+ 67. Kxa2 Kc2 0-1

[Event "Manizales op 26th"]
[Site "Manizales"]
[Date "2017.01.05"]
[Round "3"]
[White "Polo, Victor Ramon"]
[Black "Cortes Castro, Jhonny"]
[Result "1-0"]
[WhiteElo "2144"]
[BlackElo "1742"]
[PlyCount "73"]
[EventDate "2017.01.04"]
[EventType "swiss"]
[EventRounds "9"]
[EventCountry "COL"]
[SourceTitle "CBM 176 Extra"]
[Source "ChessBase"]
[SourceDate "2017.03.02"]
[SourceVersion "1"]
[SourceVersionDate "2017.03.02"]
[SourceQuality "1"]

1. d4 d5 2. Bf4 Bf5 3. e3 c6 4. c4 Nf6 5. Nc3 e6 6. Qb3 Qb6 7. c5 Qxb3 8. axb3 Nh5 9. Be5 Nd7 10. f3 Bg6 11. g4 Nhf6 12. Bg3 a6 13. b4 Rc8 14. h4 h5 15. g5 Ng8 16. Nh3 Ne7 17. Nf4 Bf5 18. Nd3 Bxd3 19. Bxd3 g6 20. e4 Bg7 21. e5 Nf5 22. Bf2 0-0 23. 0-0 Rfe8 24. Ne2 Nf8 25. Nf4 Ne7 26. Rfe1 Ra8 27. Re2 Nd7 28. Kh2 Ra7 29. b5 cxb5 30. Bxb5 Rea8 31. Ba4 b5 32. Bc2 Nc6 33. Bd3 Bf8 34. Bc2 Rb8 35. b3 a5 36. Nd3 Be7 37. f4 1-0

[Event "COL sub zt 2.3.4"]
[Site "La Dorada"]
[Date "2016.11.03"]
[Round "2"]
[White "Guerrero, Hernando"]
[Black "Polo, Victor Ramon"]
[Result "0-1"]
[WhiteElo "1853"]
[BlackElo "2140"]
[PlyCount "100"]
[EventDate "2016.11.02"]
[EventType "swiss"]
[EventRounds "9"]
[EventCountry "COL"]
[SourceTitle "CBM 175 Extra"]
[Source "ChessBase"]
[SourceDate "2016.12.12"]
[SourceVersion "1"]
[SourceVersionDate "2016.12.12"]
[SourceQuality "1"]

1. e4 e5 2. Nf3 Nc6 3. d4 exd4 4. Nxd4 g6 5. Nxc6 bxc6 6. Bc4 Bg7 7. Qf3 Qf6 8. Qxf6 Nxf6 9. Nc3 0-0 10. 0-0 d6 11. Bf4 Be6 12. Bb3 a5 13. Ba4 Ra6 14. Be3 Nd7 15. Nd1 Bc4 16. Re1 Bb5 17. Bxb5 cxb5 18. a3 Ne5 19. c3 Nc4 20. Bf4 a4 21. Kf1 Re8 22. f3 Raa8 23. Be3 Rad8 24. Bd4 Bh6 25. Be3 Bf8 26. Bf4 f5 27. exf5 Rxe1+ 28. Kxe1 Re8+ 29. Kf2 gxf5 30. Rc1 d5 31. Rc2 Bc5+ 32. Kf1 c6 33. Re2 Rxe2 34. Kxe2 Kf7 35. Kd3 Ke6 36. h3 h5 37. Bc1 Ke5 38. f4+ Ke6 39. Ke2 d4 40. cxd4 Bxd4 41. Kd3 Kd5 42. g3 c5 43. Nc3+ Bxc3 44. bxc3 Kd6 45. Kc2 Ke6 46. Kd3 Kd5 47. h4 Kd6 48. Kc2 Ke6 49. Kd3 Kd5 50. Kc2 Ke4 0-1

[Event "COL sub zt 2.3.4"]
[Site "La Dorada"]
[Date "2016.11.02"]
[Round "1"]
[White "Polo, Victor Ramon"]
[Black "Riascos, Guillermo"]
[Result "1/2-1/2"]
[WhiteElo "2140"]
[BlackElo "1828"]
[PlyCount "63"]
[EventDate "2016.11.02"]
[EventType "swiss"]
[EventRounds "9"]
[EventCountry "COL"]
[SourceTitle "CBM 175 Extra"]
[Source "ChessBase"]
[SourceDate "2016.12.12"]
[SourceVersion "1"]
[SourceVersionDate "2016.12.12"]
[SourceQuality "1"]

1. d4 Nf6 2. Bf4 e6 3. e3 d5 4. Nd2 c5 5. c3 Nc6 6. Ngf3 Qb6 7. Rb1 Nh5 8. Bg3 Nxg3 9. hxg3 Be7 10. Bd3 g6 11. Qe2 Bd7 12. dxc5 Qxc5 13. e4 dxe4 14. Nxe4 Qa5 15. a3 Ne5 16. Nxe5 Qxe5 17. Nd2 Qc7 18. Nf3 Bf6 19. Bb5 0-0-0 20. 0-0 Bxb5 21. Qxb5 h5 22. Rfd1 Kb8 23. Qe2 h4 24. gxh4 Bxh4 25. Qe5 Rh5 26. Rxd8+ Bxd8 27. Qxc7+ Kxc7 28. Rd1 Be7 29. Rd4 Bc5 30. Rd3 Rf5 31. b4 Be7 32. Nd4 1/2-1/2

[Event "Bogota Navidad op"]
[Site "Bogota"]
[Date "2014.12.05"]
[Round "4"]
[White "Guzman Lozano, Campo Elias"]
[Black "Polo, Victor Ramon"]
[Result "1/2-1/2"]
[WhiteElo "2030"]
[BlackElo "2155"]
[PlyCount "118"]
[EventDate "2014.12.04"]
[EventType "swiss"]
[EventRounds "9"]
[EventCountry "COL"]
[SourceTitle "CBM 163 Extra"]
[Source "ChessBase"]
[SourceDate "2014.12.23"]
[SourceVersion "1"]
[SourceVersionDate "2014.12.23"]
[SourceQuality "1"]

1. d4 d6 2. c4 f5 3. Nc3 Nf6 4. Bg5 Nbd7 5. e3 g6 6. Nf3 Bg7 7. Be2 0-0 8. Qb3 c5 9. Rd1 b6 10. 0-0 Bb7 11. d5 h6 12. Bxf6 Nxf6 13. Nh4 Kh7 14. Qc2 e5 15. g3 Bc8 16. a3 Bd7 17. b4 Ng8 18. bxc5 bxc5 19. Rb1 Qf6 20. Rb7 Rf7 21. Ng2 e4 22. Rc1 Be8 23. Qb1 Qd8 24. Nf4 Qc8 25. Rb3 Bd7 26. h4 Be5 27. h5 gxh5 28. Bxh5 Rg7 29. Rb7 Nf6 30. Be2 Bxf4 31. exf4 e3 32. Bf3 Qg8 33. Ne2 Re8 34. Qd3 exf2+ 35. Kxf2 Ne4+ 36. Bxe4 Rxe4 37. Rg1 Rge7 38. Nc3 Qc8 39. Rgb1 Rd4 40. Qc2 Qe8 41. Rh1 Rxc4 42. Rbb1 Qf7 43. Rbe1 Rxe1 44. Rxe1 Qxd5 45. Re7+ Kg6 46. Nxd5 Rxc2+ 47. Ke1 Bc6 48. Re6+ Kg7 49. Ne3 Ra2 50. Nxf5+ Kf7 51. Rxd6 Be4 52. Nxh6+ Kg7 53. g4 c4 54. Rd4 Bd3 55. g5 Kg6 56. Ng4 Rxa3 57. Ne5+ Kf5 58. Nxc4 Bxc4 59. Rxc4 Ra2 1/2-1/2

[Event "Mosquera op"]
[Site "Mosquera"]
[Date "2014.11.02"]
[Round "6"]
[White "Polo, Victor Ramon"]
[Black "Pardo, Alejandro"]
[Result "1/2-1/2"]
[WhiteElo "2148"]
[BlackElo "2255"]
[PlyCount "80"]
[EventDate "2014.10.30"]
[EventType "swiss"]
[EventRounds "9"]
[EventCountry "COL"]
[SourceTitle "EXT 2015"]
[Source "ChessBase"]
[SourceDate "2014.11.20"]
[SourceVersion "1"]
[SourceVersionDate "2014.11.20"]
[SourceQuality "1"]

1. c4 Nf6 2. g3 c6 3. Bg2 d5 4. Nf3 Bg4 5. b3 e6 6. 0-0 Bd6 7. Bb2 Nbd7 8. d3 0-0 9. Nbd2 Qc7 10. e4 dxe4 11. dxe4 Be5 12. Qc2 Bxb2 13. Qxb2 Bxf3 14. Bxf3 Ne5 15. Be2 Rad8 16. Qc2 Qa5 17. Rad1 Rd4 18. f3 Rfd8 19. Nb1 Qc5 20. Kg2 b5 21. Rxd4 Rxd4 22. Rd1 b4 23. Rxd4 Qxd4 24. Qd2 Qxd2 25. Nxd2 c5 26. f4 Nc6 27. e5 Nd7 28. Ne4 Nd4 29. Bd1 Kf8 30. Kf2 h6 31. Ke3 g5 32. Kd3 gxf4 33. gxf4 Nf5 34. Nf2 f6 35. Ke4 fxe5 36. fxe5 Ke7 37. Nd3 a5 38. Bg4 Ng7 39. Nf4 Nf8 40. Nd3 Nd7 1/2-1/2

[Event "Bogota McGregor op 3rd"]
[Site "Bogota"]
[Date "2012.12.12"]
[Round "2"]
[White "Gonzalez, Amalia"]
[Black "Polo, Victor Ramon"]
[Result "0-1"]
[WhiteElo "1745"]
[BlackElo "2147"]
[PlyCount "42"]
[EventDate "2012.12.12"]
[EventType "swiss"]
[EventRounds "9"]
[EventCountry "COL"]
[SourceTitle "EXT 2014"]
[Source "ChessBase"]
[SourceDate "2013.11.20"]
[SourceVersion "1"]
[SourceVersionDate "2013.11.20"]
[SourceQuality "1"]

1. e4 e6 2. d4 d5 3. e5 c5 4. Nf3 Qb6 5. c3 Bd7 6. Be2 Bb5 7. 0-0 Bxe2 8. Qxe2 cxd4 9. cxd4 Nc6 10. Be3 Nge7 11. Nc3 Nf5 12. Rfd1 Be7 13. a3 a6 14. Na4 Qa7 15. Rac1 0-0 16. Nc5 Rac8 17. b4 Rc7 18. Qb2 Rfc8 19. Rc3 b6 20. Nb3 Nxe5 21. Nxe5 Rxc3 0-1

[Event "Pamplona IRT rap op"]
[Site "Pamplona"]
[Date "2012.11.10"]
[Round "6"]
[White "Martinez Zuluaica, Julian"]
[Black "Polo, Victor Ramon"]
[Result "0-1"]
[WhiteElo "2215"]
[BlackElo "2171"]
[PlyCount "56"]
[EventDate "2012.11.09"]
[EventType "swiss"]
[EventRounds "11"]
[EventCountry "COL"]
[SourceTitle "CBM 151 Extra"]
[Source "ChessBase"]
[SourceDate "2012.12.18"]
[SourceVersion "1"]
[SourceVersionDate "2012.12.18"]
[SourceQuality "1"]

1. d4 d5 2. c4 Bf5 3. Nc3 e6 4. Nf3 c6 5. Bg5 Be7 6. Bf4 Bd6 7. Bg3 Nf6 8. e3 h6 9. Bd3 Bxd3 10. Qxd3 Bxg3 11. hxg3 Nbd7 12. c5 Qe7 13. 0-0 e5 14. Qe2 exd4 15. exd4 Qxe2 16. Nxe2 0-0 17. Nc3 Rfe8 18. Rfe1 Rxe1+ 19. Rxe1 Re8 20. Rxe8+ Nxe8 21. Kf1 Kf8 22. Ke2 Ke7 23. Ke3 a6 24. Nd2 Ndf6 25. f3 Nh5 26. g4 Nhf6 27. Nb3 Kd7 28. Na5 Kc7 0-1

[Event "Pamplona IRT rap op"]
[Site "Pamplona"]
[Date "2012.11.10"]
[Round "8"]
[White "Zapata, Alonso"]
[Black "Polo, Victor Ramon"]
[Result "1-0"]
[WhiteElo "2470"]
[BlackElo "2171"]
[PlyCount "83"]
[EventDate "2012.11.09"]
[EventType "swiss"]
[EventRounds "11"]
[EventCountry "COL"]
[SourceTitle "CBM 151 Extra"]
[Source "ChessBase"]
[SourceDate "2012.12.18"]
[SourceVersion "1"]
[SourceVersionDate "2012.12.18"]
[SourceQuality "1"]

1. e4 e5 2. Nf3 Nc6 3. Bb5 Bc5 4. c3 Nge7 5. d4 exd4 6. cxd4 Bb4+ 7. Bd2 Bxd2+ 8. Qxd2 d5 9. e5 Bg4 10. Nc3 0-0 11. Qf4 Qd7 12. Rd1 Rad8 13. h3 Bxf3 14. Qxf3 Qf5 15. Qxf5 Nxf5 16. Bxc6 bxc6 17. 0-0 Rb8 18. Rd2 Rb4 19. Rfd1 Rc4 20. Rd3 a5 21. b3 Rb4 22. Na4 Re8 23. f4 h5 24. g3 Kf8 25. Kf2 Ke7 26. g4 hxg4 27. hxg4 Nh6 28. Kf3 f5 29. g5 Ng4 30. Rh1 Kf7 31. Rh4 Rbb8 32. Rc3 Rh8 33. Rxh8 Rxh8 34. Rxc6 Rh3+ 35. Kg2 Rd3 36. g6+ Kf8 37. Nc5 Rd2+ 38. Kg3 Ne3 39. Rxc7 Nf1+ 40. Kh4 Rh2+ 41. Kg5 Ne3 42. Ne6+ 1-0

[Event "Pamplona IRT rap op"]
[Site "Pamplona"]
[Date "2012.11.09"]
[Round "3"]
[White "Polo, Victor Ramon"]
[Black "Panesso Rivera, Henry"]
[Result "1/2-1/2"]
[WhiteElo "2171"]
[BlackElo "2335"]
[PlyCount "167"]
[EventDate "2012.11.09"]
[EventType "swiss"]
[EventRounds "11"]
[EventCountry "COL"]
[SourceTitle "CBM 151 Extra"]
[Source "ChessBase"]
[SourceDate "2012.12.18"]
[SourceVersion "1"]
[SourceVersionDate "2012.12.18"]
[SourceQuality "1"]

1. d4 Nf6 2. Nf3 g6 3. Bf4 Bg7 4. e3 0-0 5. Be2 d6 6. 0-0 b6 7. a4 a6 8. h3 Bb7 9. Nbd2 c5 10. c3 Nbd7 11. Qb1 cxd4 12. exd4 Nd5 13. Bg3 Bh6 14. Re1 N7f6 15. Bf1 Nh5 16. Bh2 Qd7 17. Qd1 b5 18. axb5 axb5 19. Qb3 Bc6 20. c4 bxc4 21. Bxc4 Rab8 22. Qa2 Nb4 23. Qb1 Qb7 24. Bf1 Rfc8 25. Ra3 Bd5 26. Rc3 Qa7 27. Qa1 Qb7 28. Rec1 Rxc3 29. Rxc3 Bxf3 30. Nxf3 Nd5 31. Rc2 Nhf4 32. Bxf4 Nxf4 33. Qa6 Nxh3+ 34. gxh3 Qxf3 35. Rc8+ Rxc8 36. Qxc8+ Kg7 37. Qc3 Qd5 38. Bg2 Qa2 39. d5+ Kg8 40. b4 Qb1+ 41. Bf1 Bf4 42. b5 Be5 43. Qc7 Qe1 44. Qc4 Qd2 45. Qd3 Qg5+ 46. Bg2 Qc1+ 47. Bf1 Qf4 48. Bg2 Bd4 49. Qe2 Kf8 50. Bf3 h5 51. Kg2 Be5 52. Kf1 Qc1+ 53. Kg2 Qf4 54. Kf1 Bd4 55. Kg2 h4 56. Qe4 Qg5+ 57. Qg4 Qd2 58. Qxh4 g5 59. Qg3 f5 60. Bh5 Bxf2 61. Qxf2 Qxd5+ 62. Bf3 Qxb5 63. h4 gxh4 64. Qxh4 Qb2+ 65. Kh3 Qc3 66. Qh6+ Kf7 67. Qh7+ Ke6 68. Qg8+ Kd7 69. Qd5 e6 70. Qb7+ Kd8 71. Kg2 Qd2+ 72. Kg3 Qg5+ 73. Kf2 Qh4+ 74. Kg2 Qg5+ 75. Kf2 Qd2+ 76. Kg3 d5 77. Qb8+ Kd7 78. Qb7+ Kd6 79. Qb8+ Ke7 80. Qc7+ Kf6 81. Qd8+ Ke5 82. Qh8+ Kd6 83. Qd8+ Ke5 84. Qh8+ 1/2-1/2

[Event "Pamplona Sub zt 2.3"]
[Site "Pamplona"]
[Date "2012.11.05"]
[Round "2"]
[White "Sanchez Liecano, Sebastian Felipe"]
[Black "Polo, Victor Ramon"]
[Result "1-0"]
[WhiteElo "2282"]
[BlackElo "2171"]
[PlyCount "107"]
[EventDate "2012.11.05"]
[EventType "swiss"]
[EventRounds "9"]
[EventCountry "COL"]
[SourceTitle "EXT 2013"]
[Source "ChessBase"]
[SourceDate "2012.11.22"]
[SourceVersion "1"]
[SourceVersionDate "2012.11.22"]
[SourceQuality "1"]

1. c4 e6 2. Nf3 f5 3. g3 d5 4. Bg2 c6 5. b3 Nf6 6. Bb2 b5 7. cxd5 cxd5 8. 0-0 Nc6 9. d4 Bd6 10. Nbd2 0-0 11. a3 Bd7 12. Ne5 Bxe5 13. dxe5 Ng4 14. Nf3 Rc8 15. Rc1 Qb6 16. Qd3 Rc7 17. h3 Nh6 18. b4 Rfc8 19. Rc5 a5 20. Rxb5 Qa6 21. Rxd5 Qxd3 22. Rxd3 axb4 23. Rfd1 bxa3 24. Bxa3 Be8 25. Rd6 Nf7 26. Rxe6 Bd7 27. Red6 Nxd6 28. Bxd6 Ra7 29. Ng5 h6 30. Bd5+ Kh8 31. Nf7+ Kh7 32. e6 Be8 33. g4 fxg4 34. hxg4 g6 35. f4 Nd8 36. Ne5 Kg7 37. f5 gxf5 38. gxf5 Kf6 39. e4 Rg7+ 40. Kf2 Rc2+ 41. Ke3 Bh5 42. e7 Rxe7 43. Bxe7+ Kxe7 44. Rh1 Kf6 45. Nd7+ Kg5 46. Nf8 Bf7 47. Nh7+ Kg4 48. Rxh6 Bxd5 49. Nf6+ Kg3 50. Rg6+ Kh4 51. Nxd5 Nf7 52. Rg7 Nd6 53. f6 Rc8 54. Kf4 1-0

[Event "Pamplona IRT blitz op"]
[Site "Pamplona"]
[Date "2012.11.04"]
[Round "18.16"]
[White "Barros, Raul Junior"]
[Black "Polo, Victor Ramon"]
[Result "0-1"]
[WhiteElo "2217"]
[BlackElo "2171"]
[PlyCount "44"]
[EventDate "2012.11.04"]
[EventType "swiss (blitz)"]
[EventRounds "18"]
[EventCountry "COL"]
[SourceTitle "EXT 2024"]
[Source "ChessBase"]
[SourceDate "2023.10.10"]
[SourceVersion "1"]
[SourceVersionDate "2023.10.10"]
[SourceQuality "1"]

1. e4 e5 2. Nf3 Nc6 3. d4 exd4 4. Nxd4 g6 5. Nc3 Bg7 6. Be3 Nf6 7. Qd2 0-0 8. f3 Re8 9. 0-0-0 d5 10. Nxc6 bxc6 11. g4 Be6 12. g5 Nd7 13. exd5 cxd5 14. Nxd5 Bxd5 15. Qxd5 Rxe3 16. Qxd7 Qxg5 17. Kb1 Rb8 18. b3 Qf6 19. Kc1 Qb2+ 20. Kd2 Bh6 21. Qh3 Rd8+ 22. Bd3 Rdxd3# 0-1

[Event "Pamplona IRT blitz op"]
[Site "Pamplona"]
[Date "2012.11.04"]
[Round "2.1"]
[White "Polo, Victor Ramon"]
[Black "Cuartas, Jaime Alexander"]
[Result "0-1"]
[WhiteElo "2171"]
[BlackElo "2517"]
[PlyCount "62"]
[EventDate "2012.11.04"]
[EventType "swiss (blitz)"]
[EventRounds "18"]
[EventCountry "COL"]
[SourceTitle "EXT 2024"]
[Source "ChessBase"]
[SourceDate "2023.10.10"]
[SourceVersion "1"]
[SourceVersionDate "2023.10.10"]
[SourceQuality "1"]

1. d4 d5 2. Bf4 Nf6 3. e3 c5 4. c3 Nc6 5. Nd2 e6 6. Ngf3 Bd6 7. Bg3 Qc7 8. Bb5 Bd7 9. 0-0 Bxg3 10. hxg3 0-0 11. Bxc6 Bxc6 12. Ne5 Bb5 13. Re1 a5 14. f4 Rfc8 15. g4 Nd7 16. g5 Nxe5 17. fxe5 Bd3 18. Nb3 c4 19. Nc1 Bf5 20. Qf3 b5 21. a3 b4 22. Ne2 bxc3 23. bxc3 Rab8 24. Ng3 Bg6 25. e4 Qd8 26. Qf4 Rb3 27. Re3 dxe4 28. Nxe4 Bxe4 29. Qxe4 Qxg5 30. d5 exd5 31. Qxd5 Qxe3+ 0-1

[Event "Pamplona IRT blitz op"]
[Site "Pamplona"]
[Date "2012.11.04"]
[Round "11.13"]
[White "Polo, Victor Ramon"]
[Black "Diaz, Ricardo"]
[Result "1/2-1/2"]
[WhiteElo "2171"]
[BlackElo "2219"]
[PlyCount "80"]
[EventDate "2012.11.04"]
[EventType "swiss (blitz)"]
[EventRounds "18"]
[EventCountry "COL"]
[SourceTitle "EXT 2024"]
[Source "ChessBase"]
[SourceDate "2023.10.10"]
[SourceVersion "1"]
[SourceVersionDate "2023.10.10"]
[SourceQuality "1"]

1. d4 Nf6 2. Bg5 c5 3. d5 Qb6 4. Bc1 g6 5. c4 Bg7 6. Nc3 d6 7. e4 0-0 8. f3 e6 9. Qb3 Qd8 10. Bf4 Nh5 11. Be3 Na6 12. Bd3 Nb4 13. Bb1 exd5 14. cxd5 f5 15. a3 Na6 16. Nge2 f4 17. Bf2 Nc7 18. Bd3 a6 19. a4 Rb8 20. a5 Ne8 21. 0-0 g5 22. Qb6 Bf6 23. Qxd8 Bxd8 24. Na4 Bxa5 25. Nxc5 Bd8 26. Nb3 Bf6 27. Nbd4 Bd7 28. Rac1 Be5 29. Nc2 Nef6 30. Bd4 Bxd4+ 31. Ncxd4 Rfc8 32. Rxc8+ Rxc8 33. Rc1 Rxc1+ 34. Nxc1 Ng7 35. b4 Nge8 36. Ncb3 Nc7 37. Na5 Bc8 38. b5 axb5 39. Nxb5 Nxb5 40. Bxb5 Kf8 1/2-1/2